000 01361nam0a22003251 4500
001 RU\NLR\INFOCOMM_165\5000012708
005 20250613095416.0
035 _a(NLR Aleph) 009294032
090 _a9237946
_c9237946
100 _a20101005d1987 |||y0rusy50 ca
101 0 _apor
102 _aRU
105 _aa ||||000|y
200 1 _aÉ possível fazer parar a história?
_eExportação da revolução e exportação da contra-revolução
_eponto de vista sov.
_fAnatoli Essipov, Fiodor Pechkin
205 _a2-a ed.
210 _aΜ.
_cEd. da Agência de impr. "Nóvosti"
_d1987
215 _a54 с.
_cил.
_d17 см
300 _aНа обороте тит. л.: Можно ли остановить историю? / Анатолий Аркадьевич Есипов, Федор Нестерович Пешкин
606 _aКонтрреволюция (социол.)
_2nlr_sh1
606 _aРеволюция
_xСоциологические исследования
_2nlr_sh1
686 _aА555
_2rubbk
700 1 _9z02790
_aEsipov
_bA. A.
_gAnatolij Arkad'evič
_4070
701 1 _9z03790
_aPeškin
_bF. N.
_gFedor Nesterovič
_4070
790 1 _9z02700
_aEssipov
_bA.
_gAnatoli
_4070
790 1 _9z03701
_aPechkin
_bF.
_gFiodor
_4070
801 1 _aRU
_bNLR
_c20101005
801 0 _aRU
_bNLR
_gPSBO
852 _aNLR
_jД01 Д-2/173
942 _cBOOK
980 _aNB